Luyện giải và ôn tập hóa học lớp 10

में बचाया:
ग्रंथसूची विवरण
मुख्य लेखक: Phạm, Văn Hoan
स्वरूप: पुस्तक
भाषा:Undetermined
प्रकाशित: Hà Nội Giáo dục Việt Nam 2009
विषय:
टैग : टैग जोड़ें
कोई टैग नहीं, इस रिकॉर्ड को टैग करने वाले पहले व्यक्ति बनें!
Thư viện lưu trữ: Trung tâm Học liệu Trường Đại học Cần Thơ
LEADER 00680nam a2200205Ia 4500
001 CTU_185069
008 210402s9999 xx 000 0 und d
020 |c 25500 
082 |a 540.76 
082 |b H406 
100 |a Phạm, Văn Hoan 
245 0 |a Luyện giải và ôn tập hóa học lớp 10 
245 0 |c Phạm Văn Hoan, Phạm Thị Bích Đào, Đỗ Anh Tuấn (Chủ biên) 
260 |a Hà Nội 
260 |b Giáo dục Việt Nam 
260 |c 2009 
650 |a Chemistry,Hóa học 
650 |x Problems, exercises, etc.,Câu hỏi, bài tập 
904 |i Hải 
980 |a Trung tâm Học liệu Trường Đại học Cần Thơ